header

Captives and corsairs (Record no. 114273)

MARC details
000 -LEADER
fixed length control field 02067nam a2200421 a 4500
082 04 - DEWEY DECIMAL CLASSIFICATION NUMBER
Classification number 306.3/620961
100 1# - MAIN ENTRY--AUTHOR NAME
Personal name Weiss, Gillian Lee.
245 10 - TITLE STATEMENT
Title Captives and corsairs
260 ## - PUBLICATION, DISTRIBUTION, ETC. (IMPRINT)
Place of publication Stanford, Calif. :
Name of publisher Stanford University Press,
Year of publication 2011.
300 ## - PHYSICAL DESCRIPTION
Number of Pages xi, 389 p. :
Other physical details ill., maps.
505 0# - FORMATTED CONTENTS NOTE
Formatted contents note Mediterranean slavery -- Salvation without the state -- Manumission and absolute monarchy -- Bombarding Barbary -- Emancipation in an age of enlightenment -- Liberation and empire from the Revolution to Napoleon -- Barbary slavery in black and white -- The conquest of Algiers.
520 ## - SUMMARY, ETC.
Summary, etc French response to the capture and enslavement of French citizens and subjects by Muslim corsairs in the Mediterranean.
650 #0 - SUBJECT ADDED ENTRY--TOPICAL TERM
Topical Term Slavery
Topical Term French
Topical Term Slaves
Topical Term Slavery
Topical Term Pirates
856 40 - ELECTRONIC LOCATION AND ACCESS
Uniform Resource Identifier http://site.ebrary.com/lib/rucke/Doc?id=10470178

No items available.

© 2026 Rongo University
Contact us: librarian | system librarian | Rongo university